| 000 | 00594nam a22001937a 4500 | ||
|---|---|---|---|
| 005 | 20251108173052.0 | ||
| 008 | 250721s1998 xx 000 0 ara d | ||
| 082 | 1 | 4 | _a657.8/طاه |
| 100 | 1 | _aطاهر، إبراهيم محمد علي | |
| 245 | 1 | 0 | _aالمحاسبة الحكومية / |
| 264 | 1 |
_aعمان : _bالدار الشامية للنشر، _c1998. |
|
| 300 | _a181ص. | ||
| 650 | 1 | 7 | _aالمحاسبة |
| 650 | 1 | 7 | _aالحكومة |
| 700 | 1 | _aالعبيدي، ماهر موسى | |
| 700 | 1 | _aعلاوين، موسى محمد موسى | |
| 942 |
_2ddc _cBK |
||
| 999 |
_c95331 _d95331 |
||